Bird Flags Quiz Stats

Quiz not verified by Sporcle

Challenge
Share
Tweet
Embed
Score 0/17 Timer 03:00
0 Plays Today
Type of Bird Country % Correct
EagleMexico
77%
Two headed eagleAlbania
73.7%
Bird of ParadisePapua New Guinea
58.7%
QuetzalGuatemala
56.3%
CondorBolivia
55.3%
CondorEcuador
55%
FrigatebirdKiribati
53.7%
Two headed eagleMontenegro
49.7%
ParrotDominica
49%
Type of Bird Country % Correct
CraneUganda
45.7%
DoveFiji
45%
Two headed eagleSerbia
43.3%
EagleMoldova
43%
EagleEgypt
38%
EagleZambia
36.3%
EagleZimbabwe
35.3%
EagleKazakhstan
26%

You're not logged in!

Compare scores with friends on all Sporcle quizzes.
Sign Up with Email
OR
Log In

You Might Also Like...

Show Comments

Extras

Top Quizzes Today


Score Distribution

Your Account Isn't Verified!

In order to create a playlist on Sporcle, you need to verify the email address you used during registration. Go to your Sporcle Settings to finish the process.

Report this User

Report this user for behavior that violates our Community Guidelines.

Details: